1939 Barcelona any zero : història gràfica de l'ocupació de la ciutat història gràfica de l'ocupació de la ciutat
Publicado:
Barcelona :
Institut de Cultura de Barcelona : Museu d'Història de la Ciutat : Edicions Proa ,
1999
Descripción Física:
178 p. : il. ; 22 cm
Materias:
Barcelona -- Història -- 1939
MARC
| LEADER | 00000nam a2200000Ia 4500 | ||
|---|---|---|---|
| 001 | 12269 | ||
| 008 | 160829s1999 xx 000 0 cat d | ||
| 080 | |a H-1-155 | ||
| 245 | |a 1939 Barcelona any zero : |b història gràfica de l'ocupació de la ciutat | ||
| 260 | |a Barcelona : |b Institut de Cultura de Barcelona : |b Museu d'Història de la Ciutat : |b Edicions Proa, |c 1999 | ||
| 300 | |a 178 p. : |b il. ; |c 22 cm | ||
| 590 | |a Catàleg de l'exposició que porta el mateix nom realitzada al Museu d'Història de la Ciutat l'any 1999. Comissaris / Manel Risques, Francesc Vilanova i Ricard Vinyes | ||
| 650 | |a Barcelona |x Història |x 1939 |9 37676 | ||
| 700 | |a Risques Corbella, Manel |9 37677 | ||
| 700 | |a Vilanova, Francesc |9 37678 | ||
| 700 | |a Vinyes, Ricard, |d 1952- |9 37675 | ||
| 710 | 2 | |a Museu d'Història de la Ciutat (Barcelona) |9 53105 | |
| 710 | 2 | |a Institut de Cultura (Barcelona, Catalunya) |9 53422 | |
| 901 | |a Arxiu | ||
| 942 | |n 1 | ||
| 952 | |0 0 |1 0 |4 0 |6 H1155 |7 1 |9 47991 |a Arxiu |b Arxiu |d 2016-12-01 |l 0 |o H-1-155 |p 12269 |r 2016-12-01 00:00:00 |w 2016-12-01 |y ARXIU | ||
| 999 | |c 51792 |d 51792 | ||